| 000 | 00625cam a22001571 4500 | ||
|---|---|---|---|
| 082 |
_a940.453 _bKEY |
||
| 100 | 1 |
_aKeyes, Roger, _949288 |
|
| 245 | 1 | 4 |
_aThe naval memoirs of Admiral of the fleet Sir Roger Keyes; _bthe narrow seas to the Dardanelles, 1910-1915. |
| 260 |
_aLondon, _bT. Butterworth, ltd. _c[1934] |
||
| 300 |
_a538 p. _bfront., plates, ports., maps (part fold.) diagr. _c22 cm. |
||
| 500 | _a"First published October, 1934; second impression November, 1934." | ||
| 526 |
_a0 _b0 _c0 _d940_453000000000000_KEY |
||
| 650 | 0 |
_aMCE _9379 |
|
| 650 | 0 |
_aWorld War, 1914-1918 _xNaval operations. _949291 |
|
| 942 |
_2ddc _cBK |
||
| 999 |
_c552632 _d552632 |
||